Hispanic Countries - Statistics

General Stats
  • This quiz has been taken 391 times
  • The average score is 9 of 21
Answers on the Grid
Answers color-coded by a green-red scale on the quiz's grid according to % correct below.
Puerto Rico
Cuba
Dominican Republic
Mexico
Guatemala
Equatorial Guinea
Honduras
El Salvador
Venezuela
Costa Rica
Panama
Nicaragua
Ecuador
Peru
Colombia
Bolivia
Paraguay
Uruguay
Argentina
Chile
Spain
Belize
Guyana
Suriname
Brazil
Trinidad and Tobago
Philippines
Dominica
Grenada
Andorra
Barbados
Comoros
East Timor
São Tomé and Principe
Myanmar
Antigua and Barbuda
Guam
Bahamas
Aruba
Cape Verde
 
Answer Stats
Answer % Correct
Colombia
50%
Mexico
50%
Chile
49%
Peru
49%
Cuba
48%
Guatemala
46%
Panama
46%
Spain
46%
Venezuela
46%
Ecuador
45%
Honduras
45%
Costa Rica
44%
El Salvador
42%
Argentina
41%
Dominican Republic
41%
Puerto Rico
41%
Uruguay
41%
Bolivia
39%
Nicaragua
39%
Paraguay
39%
Equatorial Guinea
27%
No matching quizzes found
Score Distribution
Percent of People with Each Score
Percentile by Number Answered
Your Score History
You have not taken this quiz